| 000 | 00391nam a2200145Ia 4500 | ||
|---|---|---|---|
| 008 | 230917s9999||||xx |||||||||||||| ||und|| | ||
| 040 |
_e127057 _aMAIN |
||
| 041 | _aEnglish | ||
| 082 | _a801.93 M725R | ||
| 100 | _aMohan, G B | ||
| 245 | 0 | _aResponse to poetry: A study in comparative aesthetics | |
| 260 |
_aNew Delhi _bPeoples publishing house _c1968 |
||
| 300 | _axi ,166 p. | ||
| 942 | _cBK | ||
| 999 |
_c70279 _d70279 |
||